000 00246nam a2200097Ia 4500
005 20251222114406.0
008 251222s1900||||xx |||||||||||||| ||spa||
082 _aDVD0060/A33/2002
245 0 _aMujeres al borde de un ataque de nervios:
942 _cDVD
999 _c1831
_d1831